Sports Quiz

Random Sports or Golf Quiz

Ryder Cup (Europe) Quiz Stats

 Plays Quiz Retired Oct 2, 2021

Support Sporcle.
Go Orange.
Score 0/26 Timer 06:00
1 Play Today
# Appearances Golfer % Correct
11Nick Faldo
83.2%
8Seve Ballesteros
78.1%
9Sergio Garcia
76.7%
8Colin Montgomerie
70.7%
6Ian Poulter
67.8%
10Lee Westwood
66.7%
7José María Olazábal
61.8%
10Bernhard Langer
60.6%
8Ian Woosnam
54.5%
6Pádraig Harrington
50.6%
6Howard Clark
47.7%
7Tony Jacklin
42.4%
8Sam Torrance
37.1%
# Appearances Golfer % Correct
7Mark James
21.8%
10Christy O'Connor Snr
19.2%
8Peter Alliss
18.6%
8Bernard Gallacher
17.4%
6Peter Oosterhuis
13.5%
6Brian Barnes
10.9%
9Dai Rees
8.9%
8Neil Coles
8.9%
6Brian Huggett
5.9%
8Bernard Hunt
4.9%
6Ken Bousfield
2.9%
6Charles Whitcombe
2.4%
7Harry Weetman
2.1%

From the Vault

Last Ten: US Presidents in Order

by thebail

History 90s
Well there's five right there.
Remove Ads.
Support Sporcle.
Get the best of Sporcle when you Go Orange. This ad-free experience offers more features, more stats, and more fun while also helping to support Sporcle. Thank you for becoming a member.

Show Comments

Extras

Top Quizzes Today


Score Distribution

Your Account Isn't Verified!

In order to create a playlist on Sporcle, you need to verify the email address you used during registration. Go to your Sporcle Settings to finish the process.

Report this User

Report this user for behavior that violates our Community Guidelines.

Details: